Statistics for Countries with the highest percentage of population vegetarian

Click here to take the quiz!

General Stats

  • This quiz has been taken 30 times
  • The average score is 7 of 10

Answer Stats

%Answer% Correct
9.0UK
91%
38.3India
87%
5.0Australia
83%
9.0Germany
78%
6.0Ireland
78%
10.0Italy
70%
9.0Austria
57%
8.0Brazil
52%
13.0Israel
43%
12.0Taiwan
22%

Score Distribution

Percentile by Number Answered

Percent of People with Each Score

Your Score History

You have not taken this quiz